000 00644nam a2200205Ia 4500
003 GCL
008 140319s9999 xx 000 0 ara d
040 _aGCL /
_cGCL
082 0 4 _a253.1
_bم ا
100 1 _aمحمد زكى عبدالبر
245 1 0 _aاحكام المعاملات المالية فى المذهب الحنفى(عرض منهجى) العقود /
_cمحمد زكى عبدالبر
260 _a[S.N] :
_bدار الثقافة العربية ،
_c1986
300 _a663 ص
490 _a
650 0 4 _aالاحكام
650 0 4 _aالبيع
650 0 4 _aالمعاملات
650 0 4 _aالهبة
942 _2ddc
_cBK
999 _c31696
_d31696